| 000 | 01342cam a22003377a 4500 | ||
|---|---|---|---|
| 003 | CHAP | ||
| 005 | 20220329141933.0 | ||
| 008 | 980819d1997 mx b rs 00110 spa d | ||
| 010 | _a75957 | ||
| 011 | _a76929 | ||
| 020 | _a9701315170 | ||
| 035 | _a86524 | ||
| 040 | _cCHAP | ||
| 082 | 0 | 4 |
_a352.072 _bI5 Ver. |
| 110 | 2 |
_aInstituto Nacional de Estadística, Geografía e Informática. México _959304 |
|
| 245 | 1 | 0 |
_aDivisión territorial del estado de Veracruz-Llave de 1810 a 1995 _c/por Instituto Nacional de Estadística Geografía e Informática |
| 260 |
_aAguascalientes, Ags. : _bInstituto Nacional de Estadística Geografía e Informática, _c1997. |
||
| 300 |
_a400 p. : _bcuadros ; mapas |
||
| 590 |
_aBATCH-UPD _b10 _c20130110 _lUCH01 _h0626 |
||
| 590 |
_aBATCH-UPD _b10 _c20130410 _lUCH01 _h0309 |
||
| 590 |
_aBATCH-UPD _b10 _c20130914 _lUCH01 _h0946 |
||
| 590 |
_aCONVERSION _b10 _c20130109 _lUCH01 _h1342 |
||
| 650 | 1 | 4 |
_aCiudades y pueblos _xVeracruz. _923541 |
| 650 | 1 | 4 |
_aVeracruz _xLeyes. _9118815 |
| 650 | 1 | 4 |
_aVeraruz _xDivisiones administrativas y políticas. _9118830 |
| 901 | _aBK | ||
| 905 | _aAlejandra Carrasco M. | ||
| 942 | _cLIBRO | ||
| 949 |
_a352.072 I5 Ver. _bBC _cINEGI _d33724000599999 _eINEGI _h93756 _i86524 _sb _t$85.00 |
||
| 949 |
_a352.072 I5 Ver. _bBC _cINEGI _d33724000699138 _eINEGI _fc.2 _h93757 _i86524 _sb _t$85.00 |
||
| 999 |
_c75957 _d75957 |
||